Classifica Marcatori VfB Stoccarda All-Time - Statistics

Statistiche generali
  • Questo quiz è stato fatto 14 volte
  • Il punteggio medio è 6 su 10
Statistiche sulle risposte
Gol Nazione Calciatore % Corretto
110 Germania Mario Gómez
100%
109 Brasile / Germania Cacau
88%
124 Germania Fritz Walter
75%
94 Germania Jürgen Klinsmann
75%
167 Germania Karl Allgöwer
75%
102 Germania Robert Schlienz
75%
157 Germania Hermann Ohlicher
63%
98 Germania Otto Baitinger
25%
114 Germania Erwin Waldner
0%
140 Germania Rolf Blessing
0%
Nessun quiz corrispondente trovato
Distribuzione punteggi
Percentuale di utenti per punteggio
Percentile per numero di risposta
I tuoi punteggi nel tempo
Non hai fatto questo quiz